yearbook of international cooperation on environment and development 1999/2000 (Record no. 90675)

MARC details
000 -LEADER
fixed length control field 00663nam a2200205Ia 4500
008 - FIXED-LENGTH DATA ELEMENTS--GENERAL INFORMATION
fixed length control field 191130s2009##################000#0#eng##
020 ## - INTERNATIONAL STANDARD BOOK NUMBER
ISBN 9781844079957
082 ## - DEWEY DECIMAL CLASSIFICATION NUMBER
Classification number 363.70526 YEA
245 ## - TITLE STATEMENT
Title yearbook of international cooperation on environment and development 1999/2000
Statement of responsibility, etc edited by Helge Ole Bergesen, Georg Parmann and Oystein B. Thommessen
260 ## - PUBLICATION, DISTRIBUTION, ETC. (IMPRINT)
Place of publication London
Name of publisher Earthscan
Year of publication 2009
300 ## - PHYSICAL DESCRIPTION
Number of Pages 374 p
650 ## - SUBJECT ADDED ENTRY--TOPICAL TERM
Topical Term International development
700 ## - ADDED ENTRY--PERSONAL NAME
Personal name Bergesen, Helge Ole
Personal name Parmann, Georg
Personal name Thommessen, Oystein B
991 ## -
-- 183671
Holdings
Withdrawn status Lost status Damaged status Not for loan Home library Current library Date acquired Full call number Accession Number Price effective from Koha item type
        Anna Centenary Library Anna Centenary Library 09.10.2020 363.70526 YEA 400280 09.10.2020 English Books

Find us on the map